A short course in grammar : a course in the grammar of standard written English /

The English language. Words. Phrases. Sentences and their parts. Objects and adjuncts. The verb phrase. Prepositional phrases and adverbials. The noun phrase I, II, Negation. The passive. Coordination...

Spremljeno u:
Bibliografski detalji
Glavni autor: Hopper, Paul J.
Format: Knjiga
Jezik:English
Izdano: New York : W. W. Norton, 1999.
Teme:
Oznake: Dodaj oznaku
Bez oznaka, Budi prvi tko označuje ovaj zapis!
Thư viện lưu trữ: Mạng thư viện Đại học Đà Nẵng
LEADER 01247nam a2200313 a 4500
001 000042080
003 8480
005 20200113094601.0
008 171030s1999
040 |a lnn  |c lnn  |d lnn 
041 0 |a eng 
082 1 4 |a 428.2  |b HO-P 
100 1 |a Hopper, Paul J. 
245 0 2 |a A short course in grammar :  |b a course in the grammar of standard written English /  |c Paul J. Hopper. 
260 |a New York :  |b W. W. Norton,  |c 1999. 
300 |a xiii, 295 p. :  |b ill. ;  |c 24cm. 
520 3 |a The English language. Words. Phrases. Sentences and their parts. Objects and adjuncts. The verb phrase. Prepositional phrases and adverbials. The noun phrase I, II, Negation. The passive. Coordination... 
630 0 4 |a English language. 
630 0 4 |a Grammar. 
650 0 4 |a English language  |x Grammar. 
OWN |a LNN 
AVA |a UDN50  |b LNN  |c English  |d 428.2 HO-P  |e available  |t Error 5001 Not defined in file expand_doc_bib_avail.  |f 1  |g 0  |h N  |i 0  |j AN  |k 1 
999 |a From the UDN01 
AVA |a UDN50  |b LNN  |c English  |d 428.2 HO-P  |e available  |t Error 5001 Not defined in file expand_doc_bib_avail.  |f 1  |g 0  |h N  |i 0  |j AN  |k 1 
TYP |a Monograph 
TYP |a Printed language 
980 |a Mạng thư viện Đại học Đà Nẵng